000 00555cam a22002174a 4500
005 20250605164300.0
008 250528s ||||||||||||||||||||||||d
035 _a22020
020 _a9780199208531
040 _aGR-AtMCL
_bgre
_dGR-AtMCL
_eAACR2
245 1 _aTHE MANAGEMENT OF TECHNOLOGICAL INNOVATION
250 _aRevised
260 _bOxford University Press,
_c2008
300 _a373
700 1 _aDodgson Mark
_97894
700 1 _aGann David
_97895
700 1 _aSalter Ammon
_97896
942 _cBK
999 _c7076
_d7076